La aritmética en el amor: novela de costumbres

Uloženo v:
Podrobná bibliografie
Hlavní autor: Blest Gana, Alberto (Autor)
Médium: Kniha
Jazyk:španělština
Vydáno: París Librería de la Vda. de Ch. Bouret 1897
Témata:
Tagy: Přidat tag
Žádné tagy, Buďte první, kdo vytvoří štítek k tomuto záznamu!

MARC

LEADER 00000nam a2200000 a 4500
001 UCZ1486
003 CL-VaPUC
008 950824e18970000FR |||||||||||||||||spa|d
082 0 4 |a Ch863  |b BLE  |2 21 
100 |a Blest Gana, Alberto  |e author  |9 344235 
245 1 3 |a La aritmética en el amor: novela de costumbres 
300 |a v 2 
942 |c BK 
945 |d 19950824 00:00:00  |a rbrito 
260 |a París  |b Librería de la Vda. de Ch. Bouret  |c 1897 
650 0 |a Novelas chilenas   |9 265425 
583 |a last modification  |c 19950824 00:00:00  |k Rodrigo Vera 
999 |c 238230  |d 238228 
952 |0 0  |1 0  |4 0  |6 CH_863_000000000000000_BLE_1897  |7 0  |8 A  |9 248262  |a BIBEDU  |b BIBEDU  |d 2019-11-18  |h v.2  |i 3103773  |o Ch863 BLE 1897  |p 3103773  |r 2019-11-18  |w 2019-11-18  |y BK  |k LIT